00834nam a2200241 i 450000100060000000300090000600500170001500700030003200800410003508000210007610000470009724501020014425000150024626000330026130000200029449000150031470000270032983000530035685200340040994200080044399900170045195201240046893608ES-MaACL20240703063056.0t|050415s1978 sp ||||1| spa d a821.134.2-14"13"1 aLópez de Ayala, Pedro,d1332-140797353010aLibro rimado del palacio / cPedro López de Ayala; edición, estudio y notas de Jacques Joset. a[1ª ed.]. aMadrid : bAlhambra, c1978. a2 v. ; c20 cm.1 aClásicos1 aJoset, Jacques.9669900 aColección Clásicos (Alhambra) ;9235956v7-8 aES-MaACLjA-9129-30 bR.97927 2udc c93608d93608 00104070aATENEOMbATENEOMcDEPO1d2008-01-17eSCl0oA-9129-30p1097752r2023-02-23 00:00:00w2023-02-23yMONOGRAFIA